Zvládanie emócií na pracovisku

Hnev ako emócia na pracovisku. Emočné zaplavenie. Emocionálna inteligencia. Postup, ako zvládať svoje emócie na pracovisku.

Salvato in:
Dettagli Bibliografici
Autore principale: Jakubíková, Monika
Natura: Capitolo di libro
Lingua:slovacco
Soggetti:
Tags: Aggiungi Tag
Nessun Tag, puoi essere il primo ad aggiungerne!!

MARC

LEADER 00000naa a2200000 4500
001 0284653
005 20240417075207.8
041 0 |a slo 
044 |a SK 
245 1 0 |a Zvládanie emócií na pracovisku  |c Monika Jakubíková 
520 |a Hnev ako emócia na pracovisku. Emočné zaplavenie. Emocionálna inteligencia. Postup, ako zvládať svoje emócie na pracovisku. 
610 2 0 |a emócie 
610 2 0 |a konflikty 
610 2 0 |a vzťahy medziľudské 
610 2 0 |a vzťahy pracovné 
610 2 0 |a inteligencia emocionálna 
100 1 |a Jakubíková, Monika